Statistiken für Schnelle Mathematik - Zahlen Level 16

Klicken Sie hier um das Quiz zu spielen!

Allgemein

  • Dieses Quiz wurde 70 mal gespielt
  • Das Durchschnittsergebnis liegt bei 28 aus 60

Antwortstatistiken

Nummer% Korrekt
1
100%
2
100%
3
100%
4
100%
5
100%
6
100%
7
100%
8
100%
9
100%
10
95%
11
95%
12
95%
13
90%
14
90%
15
90%
16
90%
17
86%
18
86%
19
86%
20
76%
21
71%
22
67%
23
67%
24
67%
25
67%
26
62%
27
62%
28
57%
29
57%
30
52%
31
38%
32
29%
33
24%
34
19%
35
19%
36
14%
37
14%
38
14%
39
10%
40
10%
41
10%
42
10%
43
10%
44
10%
45
10%
46
5%
47
5%
48
5%
49
5%
50
5%
51
5%
52
0%
53
0%
54
0%
55
0%
56
0%
57
0%
58
0%
59
0%
60
0%

Verteilung der Resultate

Perzentil nach korrekt beantworteten Fragen

Anzahl Personen mit jedem Resultat

Ihre Resultats-Entwicklung

Sie haben dieses Quiz noch nicht gespielt